Medicaid : Tennessee's program broadens coverage but faces uncertain future : report to the ranking minority member, Committee on Commerce, House of Representatives /

Bibliographic Details
Corporate Author: United States. General Accounting Office
Format: Government Document Microform Book
Language:English
Published: Washington, D.C. : The Office ; [1995]
Subjects:
Online Access:Adobe Acrobat Reader required

MARC

Tag First Indicator Second Indicator Subfields
LEADER 00000cam a2200000 a 4500
001 in00001403607
007 he bmb024bbca
008 970731s1995 dcub bb f000 0 eng c
005 20230331145531.5
035 |a (OCoLC)ocm37386750 
035 |9 AHM3186AM 
035 |a in00001403607 
037 |a 155225  |b GAO (202) 512-6000 (Voice); (301) 258-4066 (Fax)  |f paper copy 
040 |a GPO  |c GPO  |d DLC  |d MvI  |d UtOrBLW 
042 |a pcc 
043 |a n-us-tn 
049 |a UMIC 
049 |a WWW 
074 |a 0546-D (MF) 
074 |a 0546-D (online) 
086 0 |a GA 1.13:HEHS-95-186 
088 |a GAO/HEHS-95-186 
088 |a B-258562 
110 1 |a United States.  |b General Accounting Office. 
245 1 0 |a Medicaid :  |b Tennessee's program broadens coverage but faces uncertain future : report to the ranking minority member, Committee on Commerce, House of Representatives /  |c United States General Accounting Office. 
246 2 |a Medicaid, Tennessee's program broadens coverage but faces uncertain future 
246 3 0 |a Tennessee's program broadens coverage but faces uncertain future 
264 1 |a Washington, D.C. :  |b The Office ;  |c [1995] 
264 2 |a Gaithersburg, MD (P.O. Box 6015, Gaithersburg 20884-6015) :  |b The Office [distributor], 
300 |a 54 pages :  |b map ;  |c 28 cm. 
336 |a text  |b txt  |2 rdacontent 
337 |a microform  |b h  |2 rdamedia 
338 |a microfiche  |b he  |2 rdacarrier 
500 |a Cover title. 
500 |a Shipping list number: 97-0683-M. 
500 |a "September 1995." 
500 |a Distributed to depository libraries in microfiche. 
504 |a Includes bibliographical references. 
500 |a "GAO/HEHS-95-186." 
500 |a "B-258562"--P. 1. 
533 |a Microfiche.  |b [Washington, D.C.] :  |c U.S. General Accounting Office,  |d [1997?]  |e 1 microfiche : negative. 
530 |a Also available via Internet from the GPO Access web site. Address as of 4/24/2001: http://frwebgate.access.gpo.gov/cgi-bin/getdoc.cgi?dbname=gao&docid=f:he95186.pdf; current access is available via PURL. 
500 |a Microform. 
650 0 |a Medicaid  |z Tennessee. 
650 0 |a Managed care plans (Medical care)  |z Tennessee. 
856 4 1 |u https://purl.fdlp.gov/GPO/LPS11406  |z Adobe Acrobat Reader required  |t 0 
999 |a MARS 
999 f f |i 2cb9372a-584a-3256-a575-7287b2d6ec3e  |s d27670ee-ca1e-302e-a2ca-072c93f5b745  |t 0 
952 f f |p normal  |a Texas A&M University  |b College Station  |c Sterling C. Evans Library  |d Evans: US Documents Microfiche (3rd floor)  |t 0  |e GA 1.13:HEHS-95-186  |h Superintendent of Documents classification  |i microform -- microfiche  |m A14821679722 
952 f f |a Texas A&M University  |b College Station  |c Electronic Resources  |d Available Online  |t 0  |e GA 1.13:HEHS-95-186  |h Superintendent of Documents classification 
998 f f |a GA 1.13:HEHS-95-186  |t 0  |l Available Online 
998 f f |a GA 1.13:HEHS-95-186  |t 0  |l Evans: US Documents Microfiche (3rd floor)